Heaven My Blanket Earth

Enregistré dans:
Détails bibliographiques
Auteur principal: Wan-Li, Yang
Format: Livre
Langue:Undetermined
Publié: New York Weatherhill
Sujets:
Tags: Ajouter un tag
Pas de tags, Soyez le premier à ajouter un tag!
Thư viện lưu trữ: Trung tâm Học liệu Trường Đại học Cần Thơ
LEADER 00467nam a2200169Ia 4500
001 CTU_90309
008 210402s9999 xx 000 0 und d
082 |a 895.1 
082 |b W111 
100 |a Wan-Li, Yang 
245 0 |a Heaven My Blanket Earth 
245 0 |c Yang Wan-Li, Jonathan Chaves 
260 |a New York 
260 |b Weatherhill 
650 |a Translations into English 
904 |i Hiếu,Hải 
980 |a Trung tâm Học liệu Trường Đại học Cần Thơ